MARC

LEADER 00000nam0a2200000 4500
001 293101
005 20231102000548.0
035 |a (RuTPU)RU\TPU\book\317976 
090 |a 293101 
100 |a 20150428d1983 k y0rusy5003 ca 
101 0 |a rus 
102 |a RU 
105 |a a z 001zy 
200 1 |a Широкополосные устройства и системы СВЧ  |e межвузовский сборник научных трудов  |f Новосибирский электротехнический институт (НЭТИ) ; отв. ред. Е. И. Машарский 
210 |a Новосибирск  |c Изд-во НЭТИ  |d 1983 
215 |a 105 с.  |c ил.  |d 20 см 
320 |a Библиография в конце статей 
606 1 |a Усилители высокой частоты широкополосные  |2 stltpush  |3 (RuTPU)RU\TPU\subj\63258  |9 80288 
606 1 |a Сверхвысокие частоты  |x Электроника  |2 stltpush  |3 (RuTPU)RU\TPU\subj\54086  |9 72248 
610 1 |a умножители 
610 1 |a делители 
610 1 |a генераторы сверхвысоких частот 
610 1 |a СВЧ 
610 1 |a согласующие цепи 
610 1 |a проектирование 
610 1 |a полупроводниковые усилители 
610 1 |a транзисторные усилители 
610 1 |a модуляция 
610 1 |a линейная часть 
675 |a 621.375.121  |z rus  |v 4 
675 |a 621.385.6  |z rus  |v 4 
702 1 |a Машарский  |b Е. И.  |g Евгений Израилевич  |4 340 
712 0 2 |a Новосибирский электротехнический институт (НЭТИ)  |c (1950-1992)  |2 stltpush  |3 (RuTPU)RU\TPU\col\203 
801 0 |a RU  |b RuMRKP  |c 19950704  |g psbo 
801 1 |a RU  |b 63413507  |c 20150428 
801 2 |a RU  |b 63413507  |c 20170719  |g RCR 
942 |c BK